Most Peaceful African Countries - Statistics

General Stats
  • This quiz has been taken 62 times
    37 since last reset
  • The average score is 6 of 10
Answer Stats
Rank Answer % Correct
1 Mauritius
75%
7 Morocco
72%
6 Namibia
72%
8 Lesotho
66%
2 Botswana
63%
5 Zambia
63%
3 Angola
59%
4 Ghana
56%
9 Madagascar
56%
10 Sierra Leone
50%
No matching quizzes found
Score Distribution
Percent of People with Each Score
Percentile by Number Answered
Your Score History
You have not taken this quiz since the last reset